10 Most Catholic U.S. States - Statistics

General Stats
  • This quiz has been taken 20 times
  • The average score is 8 of 10
Answer Stats
% State % Correct
31.0 New York
100%
33.0 Connecticut
95%
28.0 California
90%
34.0 Massachusetts
90%
34.0 New Jersey
90%
34.0 New Mexico
85%
42.0 Rhode Island
85%
26.0 New Hampshire
80%
28.0 Illinois
75%
26.0 North Dakota
40%
No matching quizzes found
Score Distribution
Percent of People with Each Score
Percentile by Number Answered
Your Score History
You have not taken this quiz